00323pam a2200145a 44500008004100000020000900041041001200050082000900062100002900071245003000100250000600130260002400136300000800160650000900168230515b2003 xxu||||| |||| 00| 0 eng d aNULL aENGLISH aN.D. a"Ingle V K, Proakis J G" aDigital Signal Processing a0 aNULLbThomsanc2003 a418 aNULL